000 00896nam a2200277 a 4500
001 000109925
003 CHAP
005 20220329144109.0
008 140609s2013 mx ad |rm |0|||||spa d
010 _a106387
011 _a107359
040 _cCHAP
090 _aTesis
100 1 _aBahena Figueroa, Tania Janett
_9127252
245 1 0 _aEvaluación de diferntes niveles de enzimas exógenas sobre el comportamiento pruductivo del pollo de engoerda /
_cpor Tania Janett Bahena Figueroa.
260 _aCocula, Gro. :
_bEl autor,
_c2013.
300 _a47h. :
_bil.,gráfs.
502 _aTesis (Ing. Agr. Zootecnista) -- CSAEGRO
590 _aE5652GLJ
_b05
_c20140609
_lUCH01
_h1227
650 1 4 _aPollos de engorde
_xRendimiento.
_9127013
650 1 4 _aPollos
_xAlimentación.
_990268
650 1 4 _aProteínas en nutrición animal.
_992454
901 _aBK
942 _cTESIS
942 _n0
999 _c106387
_d106387